• 首页
  • 本馆介绍
  • 公告通知
  • 最新文献
  • 馆藏检索
  • 电子资源
  • 读者导购
  • 参考咨询
  • 我的图书馆
  • 登录
  • 详细信息显示
  • 放入我的书架
  • 预约/预借图书
  • 作者相关作品
  • 分类相关作品
  • 丛书相关作品
  • 出版社相关作品

书目信息

  • 表格格式
  • 工作单格式
  • 卡片格式
题名:
矿物学简明教程
    
 
作者: 刘显凡, 编
分册:  
出版信息: 北京   地质出版社  2010
页数: 10, 280页
开本: 26cm
丛书名:
单 册:
中图分类: P57
科图分类:
主题词: 矿物学--kuang wu xue--高等教育--教材
电子资源:
ISBN: 978-7-116-06490-4
000 01032nam0 2200277 45
001 012001000548
005 20191108081631.64
010    @a978-7-116-06490-4@dCNY35.00
099    @aCAL 012015009916
100    @a20150123d2010 em y0chiy50 ea
101 0  @achi
102    @aCN@b110000
105    @aa z 000yy
106    @ar
200 1  @a矿物学简明教程@Akuang wu xue jian ming jiao cheng@f刘显凡 ...... [等] 编
205    @a第2版
210    @a北京@c地质出版社@d2010
215    @a10, 280页@c图@d26cm
300    @a普通高等教育“十一五”国家级规划教材
304    @a编者还有:孙传敏、陶专、刘兴德;封面责任者题:刘显凡、孙传敏主编
330    @a本书分几何结晶学基础、矿物学通论、矿物学各论三篇共十六章,包括:晶体的基本性质、晶体的对称、矿物晶体化学基本理论、矿物的成因标型简介、自然元素大类、硫化物及其类似化合物大类等。
606 0  @a矿物学@Akuang wu xue@x高等教育@j教材
690    @aP57@v5
701  0 @a刘显凡,@Aliu xian fan ,@f1957-@4编
801  0 @aCN@b北京卓展文化@c20191020
905    @b1196351-4@dP57@e142=2@f4
    
    矿物学简明教程/刘显凡 ...... [等] 编.-第2版.-北京:地质出版社,2010
    10, 280页:图;26cm
    普通高等教育“十一五”国家级规划教材
    
    ISBN 978-7-116-06490-4:CNY35.00
    本书分几何结晶学基础、矿物学通论、矿物学各论三篇共十六章,包括:晶体的基本性质、晶体的对称、矿物晶体化学基本理论、矿物的成因标型简介、自然元素大类、硫化物及其类似化合物大类等。
●
相关链接 在E读中查询图书 在五车中查询图书 在当当中查询图书 在豆瓣中查询图书


正题名:矿物学简明教程     索取号:P57/142=2         预约/预借

序号 登录号 条形码 馆藏地/架位号 状态 备注
1 1196351   211963516   第二样本阅览室/ [索取号:P57/142=2] 在馆    
2 1196352   211963525   第三借阅区/ [索取号:P57/142=2] 在馆    
3 1196353   211963534   第三借阅区/ [索取号:P57/142=2] 在馆    
4 1196354   211963543   第三借阅区/ [索取号:P57/142=2] 在馆    
唐山师范学院图书馆 欢迎您!
大连网信软件有限公司© 版权所有